000
00256nam a2200109Ia 4500
008
200302s9999 xx 000 0 und d
100
_a
James Y U
245
_a
Hotel Proposals
260
_b
Design Media Publishing (UK) Ltd.,
260
_c
2010
300
_a
287
999
_c
6197
_d
6197